En el silencio del bosque /
Guardado en:
| Autor Principal: | |
|---|---|
| Formato: | Libro |
| Publicado: |
Buenos Aires :
El Libro de Arena,
2015
|
| Materias: | |
| Etiquetas: |
Agregar Etiqueta
Sin Etiquetas, Sea el primero en etiquetar este registro!
|
| LEADER | 00698nam a22002295a 4500 | ||
|---|---|---|---|
| 001 | CEM.cems015270 | ||
| 005 | 20191115154711.0 | ||
| 008 | 130507s2015##################000#0#####d | ||
| 003 | CEMS | ||
| 020 | |a 9789873935077 | ||
| 082 | 0 | 4 | |a A868.4 |
| 100 | 1 | |a Pérez Navarro, Cristina | |
| 245 | 1 | 0 | |a En el silencio del bosque / |c Cristina Pérez Navarro |
| 260 | |a Buenos Aires : |b El Libro de Arena, |c 2015 | ||
| 300 | |a 48 p. | ||
| 653 | |a Literatura | ||
| 653 | |a Literatura argentina | ||
| 653 | |a Literatura infantil | ||
| 653 | |a Cuentos infantiles | ||
| 653 | |a Colección ciencias de la educación | ||
| 653 | |a Libro Álbum | ||
| 859 | |a CEMS |b BIB. CEMS - Ccias. Educacion |h A868.4 |i P415-2 |k CE |p 28510.19 |t Ej.1 | ||
